Szczegóły MARC21

Modular functions of one variable II : proceedings International Summer School, University of Antwerp, RUCA, July 17-August 3, 1972 /

003 -Nazwa inst., której nr kontr. jest w polu 001 [,]
    • @
    • Nazwa instytucji, której n kontrolny jest w polu 001
    • NUKAT
005 -DATA I CZAS OSTATNIEJ MODYFIKACJI [,]
    • @
    • pole kontrolne
    • 20241231092657.0
020 -Międzynarod. znormalizowany nr książki - ISBN [ , ]
    • a
    • Numer ISBN
    • 354006558X Find
    • q
    • Dopowiedzenie
    • Berlin
020 -Międzynarod. znormalizowany nr książki - ISBN [ , ]
    • a
    • Numer ISBN
    • 038706558X Find
    • q
    • Dopowiedzenie
    • New York
020 -Międzynarod. znormalizowany nr książki - ISBN [ , ]
    • a
    • Numer ISBN
    • 9783540065586 Find
040 -Instytucja sporządzająca opis [ , ]
    • a
    • Instytucja, która sporządziła opis (NP)
    • SZCZ U/KLR
    • b
    • Język katalogowania
    • pol
    • e
    • Zasady katalogowania
    • rda
    • c
    • Instytucja, która sporządziła rekord (NP)
    • SZCZ U/KLRs
041 -Język dokumentu [0, ]
    • a
    • Język tekstu (P)
    • angielski
    • a
    • Język tekstu (P)
    • francuski
942 -Rodzaj dokumentu [ , ]
    • c
    • Rodzaj dokumentu
    • Książka
245 -Strefa tytułu i oznaczenia odpowiedzialności [0,0]
    • a
    • Tytuł
    • Modular functions of one variable II : Find
    • b
    • Ciąg dalszy tytułu (NP)
    • proceedings International Summer School, University of Antwerp, RUCA, July 17-August 3, 1972 / Find
    • c
    • Pozostałe elementy strefy tytułu i oznaczenia odpowiedzialności (NP)
    • edited by P. Deligne and W. Kuijk.
250 -Strefa wydania [ , ]
    • a
    • Oznaczenie wydania (NP)
    • 1st edition, 2nd corrected printing.
260 -Strefa adresu wydawniczego [ , ]
    • a
    • Miejsce wydania (P)
    • Berlin [i pozostałe] :
    • b
    • Nazwa wydawcy (P)
    • Springer-Verlag,
    • c
    • Data wydania (P)
    • 1986.
300 -Strefa opisu fizycznego [ , ]
    • a
    • Określenie formy książki i/lub objętość (NP)
    • 598 stron :
    • b
    • Oznaczenie ilustracji (NP)
    • ilustracje ;
    • c
    • Format (NP)
    • 24 cm.
336 -Typ zawartości [ , ]
    • a
    • Termin opisujący typ zawartości
    • Tekst
    • b
    • Kod określający zawartość
    • txt
    • 2
    • Źródło (terminu i kodu)
    • rdacontent
337 -Typ mediów [ , ]
    • a
    • Tryb odtwarzania
    • Bez urządzenia pośredniczącego
    • b
    • Kod typu mediów
    • n
    • 2
    • Źródło (terminu i kodu)
    • rdamedia
338 -Typ/rodzaj nośnika [ , ]
    • a
    • Hasło opisujące typ nośnika
    • Wolumin
    • b
    • Kod typu nośnika
    • nc
    • 2
    • Źródło (terminu i kodu)
    • rdacarrier
490 -Strefa serii i książki wielotomowej - forma nie do wyszukiwania [1, ]
    • a
    • Tytuł (P)
    • Lecture Notes in Mathematics, Find
    • x
    • ISSN (NP)
    • 0075-8434 ;
    • v
    • Numeracja (P)
    • 349
830 -Hasło dodatkowe serii i opisu książki wielotomowej - tytuł ujednolicony/tytuł [ ,0]
    • a
    • Tytuł ujednolicony/tytuł (NP)
    • Lecture Notes in Mathematics
    • x
    • ISSN
    • 0075-8434
    • v
    • Oznaczenie tomu (NP)
    • 349
    • 9
    • KHW
    • 11014
504 -Uwaga dot. bibliogr. załącznikowej [ , ]
    • a
    • Uwaga dot. bibliografii załącznikowej
    • Bibliografia przy rozdziałach.
530 -Uwaga dot. innej postaci fizycznej dokumentu [ , ]
    • a
    • Uwaga dot. innej postaci fizycznej dokumentu
    • Dostępne również w formie elektronicznej.
546 -Uwaga dot. języka [ , ]
    • a
    • Uwaga dot. języka
    • Tekst w języku angielskim i francuskim.
080 -Uniwersalna Klasyfikacja Dziesiętna [ , ]
    • 2
    • Identyfikator wydania tablic
    • UDC-P058
    • 9
    • UKD
    • 4055
    • a
    • Symbol klasyfikacji
    • 517.53
    • b
    • Dopowiedzenie
    • Funkcje zmiennej zespolonej.
    • 4
    • UKD2
    • 7641
    • x
    • Poddział wspólny
    • (061)
    • c
    • Dopowiedzenie poddz. wspólnego
    • (Wydawnictwa odnoszące się do konferencji, zjazdów itd. Sprawozdania z konferencji).
    • 4
    • UKD2
    • 7644
    • x
    • Poddział wspólny
    • =111
    • c
    • Dopowiedzenie poddz. wspólnego
    • =Język angielski.
    • 4
    • UKD2
    • 7653
    • x
    • Poddział wspólny
    • =133.1
    • c
    • Dopowiedzenie poddz. wspólnego
    • =Język francuski.
650 -Hasło przedmiotowe [ ,7]
    • a
    • Hasło przedmiotowe
    • Funkcje jednej zmiennej rzeczywistej.
    • 2
    • Źródło terminu
    • kaba
    • 9
    • KHW
    • 109551
650 -Hasło przedmiotowe [ ,7]
    • a
    • Hasło przedmiotowe
    • Teoria modułów.
    • 2
    • Źródło terminu
    • kaba
    • 9
    • KHW
    • 133331
980 -Symbol UKD [ , ]
    • a
    • UKD
    • 517.53(061)=111=133.1
700 -Hasło dodatkowe - nazwa osobowa [1, ]
    • a
    • Nazwa osobowa (NP)
    • Deligne, Pierre René Find
    • d
    • Daty biograficzne (NP)
    • (1944- ).
    • e
    • Określenie rodzaju współpracy
    • Redakcja
    • 9
    • KHW
    • 52119
700 -Hasło dodatkowe - nazwa osobowa [1, ]
    • a
    • Nazwa osobowa (NP)
    • Kuyk, Willem Find
    • d
    • Daty biograficzne (NP)
    • (1934-2020).
    • e
    • Określenie rodzaju współpracy
    • Redakcja
    • 9
    • KHW
    • 52139
710 -Hasło dodatkowe - nazwa ciała zbiorowego [2, ]
    • a
    • Nazwa ciała zbiorowego lub nazwa geograficzna jako pierwszy element (NP)
    • Springer-Verlag (Berlin).
    • e
    • Rodzaj współpracy
    • Wydawca
    • 4
    • Kod relacji
    • pbl
    • 9
    • KHW
    • 54874
711 -Hasło dodatkowe - nazwa imprezy [2, ]
    • a
    • Nazwa imprezy (NP)
    • International Summer School on Modular Functions
    • d
    • Data imprezy (NP)
    • (1972 ;
    • c
    • Miejsce imprezy (NP)
    • Antwerpia).
    • 9
    • KHW
    • 627263
856 -Dostęp do wersji elektronicznej [4,1]
    • z
    • Uwaga
    • Licencja krajowa
920 -ISBN [ , ]
    • a
    • ISBN
    • 3-540-06558-X Find
    • q
    • Dopowiedzenie
    • Berlin
920 -ISBN [ , ]
    • a
    • ISBN
    • 0-387-06558-X Find
    • q
    • Dopowiedzenie
    • New York
920 -ISBN [ , ]
    • a
    • ISBN
    • 978-3-540-06558-6 Find
Status udost. Numer inwentarzowy Data inwentaryzacji Lokalizacja
1N.208132013-02-04BG
1N.13330 BG